000 00680nam a22001817a 4500
003 BUBTL
008 190428b xxu||||| |||| 00| 0 eng d
020 _a984-70072-0023-6
082 _a954.92 / JAB
100 _92303
_aজয়েনউদদীন, খালেক বিন
245 _aবাংলাদেশের গনহত্যা ১৯৭১ /
_cখালেক বিন জয়েনউদদীন
260 _aঢাকা :
_bবর্ণায়ন,
_cc2010
300 _a204 p. :
_bill. ;
_c24 cm.
650 0 _91755
_aমুক্তিযুদ্ধ
856 _k0
_l0
_yDownload
942 _2ddc
_cBK
999 _c6000
_d6000